000 00853nam a22002777a 4500
001 00743
003 DO-SdBNP
005 20240415121800.0
007 00743
008 160708b2007ck ||| 00| 0 spa d
020 _a9789587045697
040 _aBPMSU
_bspa
_cBPMSU
082 4 _a823.8
_bC754A 2007
_222
100 1 _aConrad, Joseph
_e1857-1924.
245 1 0 _aAmy Foster y otros relatos del mar /
_cJoseph Conrad ; traducción y prólogo Hernando Valencia Goelkel
260 _aBogotá, Colombia :
_bEditora Aguilar,
_c2007.
300 _a180 p. :
_c20 cm.
490 0 _aPunto de lectura,
_v219
590 _aInventariado, 2024/VM
650 4 _aCuentos ingleses
650 4 _a
700 1 _aValencia Goelkel, Hernando,
_d1928-2004.
_epról.
830 4 _aPunto de lectura
_n219
910 _aVMateo V. Control de calidad. BPMSU
942 _2ddc
_cBK
999 _c10802
_d10802